000 00468nam a22001817a 4500
003 CEME
005 20210628203449.0
008 210201b xxu||||| |||| 00| 0 eng d
020 _a969-442-944-7
040 _c.
082 _a891.4393 HAM
100 _aHameed, A
_959074
245 _aGawaliar kay tourchar cell
260 _aLAHORE
_bMAQBOOL ACADEMY
_c1997
300 _a250P
650 _aURDU ADAB-FICTION-GAWALIAR KAY TOURCHAR CELL
_965613
942 _cBK
_2ddc
999 _c573774
_d573774